| 000 | 00996cam a22003135a 4500 | ||
|---|---|---|---|
| 999 |
_c25742 _d25714 |
||
| 001 | AFR4071BB | ||
| 003 | EG-ScBUE | ||
| 005 | 20201128024212.0 | ||
| 008 | 941121t1987 nyua f b 001 0 eng d | ||
| 020 | _a0023035307 | ||
| 020 | _a9780023035302 | ||
| 040 |
_aDLC _beng _erda _cDLC _dEG-ScBUE |
||
| 082 | 0 | 4 |
_a808.51 _bAND _222 |
| 100 | 1 |
_aAndrews, James Robertson, _d1936- _eauthor. |
|
| 245 | 1 | 0 |
_aPublic speaking : _bprinciples into practice / _cJames R. Andrews, Indiana University. |
| 264 | 1 |
_aNew York : _bMacmillan Publishing Company, _c[1987] |
|
| 264 | 4 | _cc1987 | |
| 300 |
_ax, 324 pages : _billustrations ; _c23 cm |
||
| 336 |
_2rdacontent _atext _btxt |
||
| 337 |
_2rdamedia _aunmediated _bn |
||
| 338 |
_2rdacarrier _avolume _bnc |
||
| 500 | _aIncludes appendices. | ||
| 504 | _aIncludes bibliographical references and index. | ||
| 650 | 7 |
_aPublic speaking. _2BUEsh _91867 |
|
| 651 | _2BUEsh | ||
| 653 |
_bGGEN _cDecember2017 |
||
| 655 |
_vReading book _934232 |
||
| 942 |
_2ddc _cBB |
||